000 00681nam a2200229Ia 4500
001 15196
003 GE_BSU
008 181216s||||||||xx |||||||||||||| ||und||
040 _cGE_BSU
080 _a821.353.1-1
100 _aშაინიძე,ჟუჟუნა
245 _aიების მთვარე
245 _bლექსები და პოემები
245 _cრედ:ხათუნა თავდგირიძე
260 _aბათუმი.
260 _bაჭარა
260 _c2000.
300 _a140გვ;20სმ.
541 _h5ლ.
653 _aლექსები და პოემები
942 _cBK
999 _c48308
_d48308